Hypnos waking ; poems and prose /

Bibliographic Details
Main Author: Char, René, 1907-1988
Format: Book
Language:English
French
Published: New York : Random House, [1956]

MARC

Tag First Indicator Second Indicator Subfields
LEADER 00000cam a2200000 4500
001 in00000022912
005 20151007064207.0
008 720627s1956 nyu 00000 eng u
010 |a  55008157  
035 |a (OCoLC)00342765 
035 |9 AAD9277AM 
040 |c WSU  |d TXA  |d UtOrBLW 
041 0 |a eng  |a fre 
049 |a TXAM  |c [273206] 
050 0 |a PQ2605.H3345  |b A6 1956 
092 |a 841  |b C469h 
100 1 |a Char, René,  |d 1907-1988. 
245 1 0 |a Hypnos waking ;  |b poems and prose /  |c Selected and translated by Jackson Mathews, with the collaboration of William Carlos Williams [and others]. 
264 1 |a New York :  |b Random House,  |c [1956] 
300 |a 279 pages ;  |c 20 cm. 
336 |a text  |b txt  |2 rdacontent 
337 |a unmediated  |b n  |2 rdamedia 
338 |a volume  |b nc  |2 rdacarrier 
500 |a English and French. 
999 |a MARS 
999 f f |s 7e5a272b-c1c7-320b-b9b9-99a5146c2f66  |i 0c490b99-1ef5-3cc0-abf1-96d0abaf7cdc  |t 0 
952 f f |p ric  |a Texas A&M University  |b Rellis Campus  |c Joint Library Facility  |d Remote Storage  |t 0  |e PQ2605.H3345 A6 1956  |h Library of Congress classification  |i unmediated -- volume  |m A14801362818 
998 f f |a PQ2605.H3345 A6 1956  |t 0  |l Remote Storage